Normal view
MARC view
Entry Personal Name
001 - CONTROL NUMBER
- control field: 623716
003 - CONTROL NUMBER IDENTIFIER
- control field: OSt
005 - DATE AND TIME OF LATEST TRANSACTION
- control field: 20221005103950.0
008 - FIXED-LENGTH DATA ELEMENTS
- fixed length control field: 221005|| aca||aabn | a|a d
040 ## - CATALOGING SOURCE
- Original cataloging agency: OSt
- Transcribing agency: OSt
100 ## - HEADING--PERSONAL NAME
- Personal name: आदित्यनारायण सिंह, अनु
670 ## - SOURCE DATA FOUND
- Source citation: Work cat.: (OSt)1011395: पणिक्कर, के. एन., औपनिवेशिक भारत में सांस्कृतिक और विचारधारात्मक संघर्ष, 2003
